| 000 | 00647nam a2200181 4500 | ||
|---|---|---|---|
| 999 |
_c80360 _d80360 |
||
| 008 | 201207b ||||| |||| 00| 0 eng d | ||
| 040 |
_bger _cSTAFF _erda _aSTAFF |
||
| 041 | _ager | ||
| 100 | _aSchmidt, Danuta | ||
| 245 |
_a"Ich muss die Schale sprengen" - _bEva Strittmatters Schulzenhof: Naturidyll, Rückzugsort und Lebensmitte/ _cDanuta Schmidt |
||
| 600 |
_aStrittmatter, Eva _d(1930-2011) |
||
| 651 | _aSchulzendorf | ||
| 773 |
_dBerlin: Die Mark Brandenburg - Verlag für Regional- und Zeitgeschichte _g2020) Heft 118, S. 42-48 _tDie Mark Brandenburg |
||
| 942 | _cA | ||